La integracion en la cuenca del plata /
Guardado en:
| Autor Principal: | |
|---|---|
| Formato: | Libro |
| Publicado: |
Madrid :
Cultura Hispanica,
1990
|
| Series: | Sociologia Y Politica
|
| Materias: | |
| Etiquetas: |
Agregar Etiqueta
Sin Etiquetas, Sea el primero en etiquetar este registro!
|
| LEADER | 00541nam a22001695a 4500 | ||
|---|---|---|---|
| 001 | EHU.bham019691 | ||
| 003 | AR-BHAM | ||
| 005 | 20101117174430.0 | ||
| 008 | 130507s1990##################000#0#####d | ||
| 082 | 3 | 8 | |a 382.9821 |
| 100 | 1 | |a Sanchez-gijon, Antonio | |
| 245 | 1 | 0 | |a La integracion en la cuenca del plata / |c Antonio Sanchez-gijon |
| 260 | |a Madrid : |b Cultura Hispanica, |c 1990 | ||
| 300 | |a 278 p. | ||
| 490 | 0 | |a Sociologia Y Politica | |
| 653 | |a Comercio internacional-argentina | ||
| 859 | |a AR-BHAM |b BIB. HUMANIDADES - General |h 382.9821 |i Sa55 |p 284.95 |t Ej.1 | ||
